Statistics for Best Soccer Players by Pictures

Click here to take the quiz!

General Stats

  • This quiz has been taken 139 times
  • The average score is 21 of 32

Answer Stats

Answer% Correct
Lionel Messi
99%
Cristiano Ronaldo
97%
Diego Maradona
97%
Pelé
97%
Ronaldo Nazario
95%
Zinedine Zidane
94%
Johan Cruyff
90%
Manuel Neuer
86%
Ronaldinho
86%
Xavi
84%
Andrés Iniesta
83%
George Best
78%
Paolo Maldini
75%
Ruud Gullit
71%
Franz Beckenbauer
69%
Ferenc Puskas
66%
Gerd Müller
66%
Eusebio
65%
Sócrates
62%
Lev Yashin
61%
Garrincha
60%
Bobby Charlton
55%
Alfredo Di Stefano
54%
Michel Platini
51%
Zico
50%
Lothar Matthaus
47%
Franco Baresi
46%
Marco Van Basten
45%
Carlos Alberto
43%
Romario
35%
Giuseppe Meazza
6%
Raymond Kopa
4%

Score Distribution

Percentile by Number Answered

Percent of People with Each Score

Your Score History

You have not taken this quiz